Länder mit den meisten Franzosen - Statistiken

Allgemein
  • Dieses Quiz wurde 231 mal gespielt
  • Das Durchschnittsergebnis liegt bei 11 aus 16
Antwortstatistiken
Anzahl Französisches Land % Korrekt
66,736,000 Frankreich
98%
126,738 (Staatsbürger) Deutschland
94%
8,790,250 Kanada
91%
10,329,465 Vereinigte Staaten
90%
102,378 Spanien
89%
123,046 Belgien
85%
250,000 Italien
84%
126,049 Vereinigtes Königreich
83%
158,862 Schweiz
76%
~1,000,000 - 2,000,000 Brasilien
75%
118,000 Australien
65%
6,800,000 Argentinien
64%
700,000 Chile
49%
255,000 Peru
48%
300,000 Uruguay
33%
124,000 Madagaskar
2%
Keine übereinstimmenden Quizze gefunden
Verteilung der Resultate
Anzahl Personen mit jedem Resultat
Perzentil nach korrekt beantworteten Fragen
Ihre Resultats-Entwicklung
Sie haben dieses Quiz noch nicht gespielt